000 00564nam a2200193Ia 4500
005 20250508160436.0
008 008 250505s9999 xx 000 0 eng d
037 _aBooks to be hide in OPAC
040 _aFEDL
_beng
_cFEDL
041 _aeng
_2eng
084 _a020, AME/O
_qFEDL
100 _aAsheim Lester
245 0 _aLibrary manpower needs and utilization
245 0 _cAmerican Library Association
260 _aChicago, USA
_bAmerican Library Association
_c1967
300 _a39p
942 _cHB
_h020, AME/O
999 _c1364628
_d1364628